Statistiques concernant Quiz mathématique rapide, juste un petit quiz 9

Cliquez ici pour prendre le quiz!

Statistiques générales

  • Ce quiz a été pris 165 fois
  • Le résultat moyen est 13 sur 15

Statistiques - réponses

HintRéponse% Correct
1 x 6 =6
100%
2 x 6 =12
95%
3 x 6 =18
95%
4 x 6 =24
92%
10 x 6 =60
92%
5 x 6 =30
91%
11 x 6 =66
90%
9 x 6 =54
87%
12 x 6 =72
85%
15 x 6 =90
85%
6 x 6 =36
83%
13 x 6 =78
83%
8 x 6 =48
80%
7 x 6 =42
77%
14 x 6 =84
77%

Distribution des résultats

Percentile par nombre de réponses

% des personnes avec chaque résultat

Votre développement - résultats

Vous n’avez pas pris ce quiz